Získávání nových trhů

Podrobnejší rozbor perspektívnych trhov na základe exportnej stratégie a výber dvoch až troch vhodných krajín. Upresnenie výrobkov a ich spotrebiteľov. V prípade pozitívnych výsledkov ďalšie zisťovanie obchodno-politického režimu, prekážok obchodu, konkurenčných dodávateľov, ekonomického a politické...

Descrizione completa

Salvato in:
Dettagli Bibliografici
Autore principale: Kachlík, Alfons
Altri autori: Kachlíková, Hana
Natura: Capitolo di libro
Lingua:ceco
Soggetti:
Tags: Aggiungi Tag
Nessun Tag, puoi essere il primo ad aggiungerne!!

MARC

LEADER 00000naa a2200000 4500
001 r034518
005 20230908092623.9
041 0 |a cze 
044 |a CZ 
245 1 0 |a Získávání nových trhů  |c Alfons Kachlík, Hana Kachlíková 
520 |a Podrobnejší rozbor perspektívnych trhov na základe exportnej stratégie a výber dvoch až troch vhodných krajín. Upresnenie výrobkov a ich spotrebiteľov. V prípade pozitívnych výsledkov ďalšie zisťovanie obchodno-politického režimu, prekážok obchodu, konkurenčných dodávateľov, ekonomického a politického prostredia a zmluvných vzťahov s vlastnou krajinou. 
610 2 0 |a vývoz 
610 2 0 |a trh zahraničný 
610 2 0 |a výskum trhu 
610 2 0 |a styk zahraničnoobchodný 
610 2 0 |a obchod zahraničný 
610 2 0 |a získavanie informácií 
610 2 0 |a výrobky 
610 2 0 |a spotrebitelia 
610 2 0 |a bariéry obchodu zahraničného 
610 2 0 |a konkurencia medzinárodná 
610 2 0 |a prostredie ekonomické 
100 1 |a Kachlík, Alfons 
700 1 |a Kachlíková, Hana